Quizzes
Events
Quiz Creation
Community
Videos
Private Events
Remove Ads
Sign In
Join for FREE
Feedback
Dark Mode
Quiz Categories
Sports
Geography
Music
Movies
Television
Just For Fun
Miscellaneous
History
Literature
Language
Science
Gaming
Entertainment
Religion
Holiday
For Kids
Quiz Lab
Recent
Popular Today
Quiz Kudos Today
Editor Picks
Curator Picks
Quizzes by...
Day
Popularity
Type
Ratings
Length
Year
Community
Subscriptions
Recent Discussions
Orange Saloon
Badges
Playlists
Quests
Create
Leaderboards
Showdown
Live 5
Trivia Bingo
Activity
Puzzle Library
Sporcle Events
Private Events
Virtual Trivia
Globe League
Become a Host
Pub Owners
SporcleCon
Opinionation
Our Games
Videos
Blog
Mobile Apps
Partnerships
Remove Ads and Go Orange
Feedback
Science
Computer
Plants
Astronomy
Chemistry
Elements
Math
Animal
Physics
Anatomy
Biology
Geology
General Science
Science
Computer
Plants
Astronomy
Chemistry
Elements
Math
Animal
Physics
Anatomy
Biology
Geology
General Science
Random Quiz
Search Sporcle
×
Quiz Lab
Quiz Lab
Science
horse
Type in answers that appear in a list
Type in answers that appear in a list
Classic
Best Score? Go Orange.
All about horses! :D Stats
Can you name the Things associated with horses??
By
Racheyyy
5m
20 Questions
71 Plays
71 Plays
71 Plays
Comments
Comments
Give Quiz Kudos
Give Quiz Kudos
-
- Ratings
hide this ad
Replay
Link that replays current quiz
Next Quiz
Link to next quiz in quiz playlist
You Got
0%
They Got
Avg Score
66%
Avg Friend Score
Upgrade to see
Score Distribution
Jump to the score distribution portion of the page
Score
0/20
Timer
05:00
0
Plays Today
Horsey hint...
Answer...
% Correct
2nd gait...
Trot
95.8%
tool to clean the horses feet...
Hoof pick
93%
Horses are measured in...
Hands
93%
Female horse...
Mare
93%
Male horse
Stallion
91.5%
Metal piece in horses mouth...
Bit
90.1%
Male castrated horse...
Gelding
88.7%
Colour of ribbon in a kicking horses tail...
Red
88.7%
Young female horse...
filly
85.9%
Young male horse...
Colt
85.9%
Horsey hint...
Answer...
% Correct
Colour of ribbon in a young horses tail...
Green
73.2%
Black and white patches colour...
Piebald
60.6%
Tool to remove excess water from coat...
Sweat scraper
54.9%
Brown and white patches colour...
Skewbald
52.1%
Change of canter lead...
Flying change
45.1%
white horse with pink skin...
Cremello
38%
Used to prevent saddle from slipping...
Breastplate
28.2%
How many gaits...
4
28.2%
Small stock pony breed...
Shetland pony
23.9%
Three events at badminton...
Dressage, show jumping, cross country
16.9%
Quiz Playlist
Details
Report
Send in Message
Add To Playlist
Classic:
Type in answers that appear in a list
Last Updated: Feb 16, 2017
Quiz Scoreboard
CHALLENGE
Sign Up to Join the Scoreboard
Show All
Scores
Hide
Comments
May contain spoilers
Recently Published
Billboard Blitz: Fleetwood Mac
by CooCooCachoo
Music
15s
Presidents Visiting Landmarks
by Hejman
History
7m
An Introduction to Baseball
by treessimontrees
Sports
5m
More to Explore
Quiz From the Vault
Featured Blog Post
Where Did the Easter Bunny Come From?
hide this ad
You Might Also Like...
Tags
horse
Today's Top Quizzes in Science
Browse Science
hide this ad
Today's Top Quizzes in horse
Browse horse
Top Contributed Quizzes in Science
1
Quick Pick: Radians
2
Quick Pick: 'CI-CJ' Animals
3
Elements In Images
4
Name the Acid, Base or Salt
5
One Thing in Common: Science
6
One Thing in Common: Science III
7
One Thing in Common: Animals
8
Science Jokes
9
One Thing in Common: Science II
10
The First 100 Digits of Pi
Explore More
Trending Topics
Crossword
Anime
Kpop
Marvel
Harry Potter
Disney
NBA
NFL
Soccer
WWE
Pokémon
Country
Song
Puzzle
The Office
hide this ad
More By:
Racheyyy
Quiz
Plays
Rating
Category
Featured
Created
the script opening lyrics!!
440
4.67
Music
Oct 30, 2012
michael buble songs!
235
Music
Mar 19, 2012
guess the dog breeds!!!
209
3.00
Science
Oct 28, 2012
All about horses! :D
71
Science
Mar 19, 2012
guess the songs!!!!
43
4.00
Music
Oct 8, 2012
Go to Creator's Profile
Score Distribution
Quiz Creator Spotlight
Racheyyy
Follow
Send a Message
Quizzes Created
-
Created Quiz Play Count
-
More By This Creator
Popular Quizzes Today
1
Find the US States - No Outlines Minefield
2
Find the Countries of Europe - No Outlines Minefield
3
The Countries of the World
4
Find the US States
5
Popular People in 1961
6
US States
7
Risky Map Clicking: Biggest States A-Z
8
Movies - When Are They Set?
More Science Quizzes
Nine Letter Science A-Z
Editor's Pick
Trending Quizzes
Risky Map Clicking: Least Populous States A-Z
1-10 Letter G Words
1-10 Letter F Words
Risky Map Clicking: Next State Alphabetically
Risky Map Clicking: Biggest States A-Z
Recently Updated
Leaping Animals
pecheneg
Reality TV Shows (A-Z)
bhenderson79
Rickey Henderson's Hall of Fame Teammates
pecheneg
Champions League XIs: Arsenal
pecheneg
Quick Pick: Celebrities in WWE's Hall of Fame
aduchscher
A-Z Keypad Blitz II
pecheneg
Multiple Oscar Actors
pecheneg
Mystery Phrase Blitz: Oscar 'Best Actors'
pecheneg
F. Scott Fitzgerald Novels
LTH
Pick 3 Villains
ddd62291
Trending Topics
Harry Potter
Marvel
NBA
Crossword
Disney
Kpop
Anime
Puzzle
Soccer
WWE
Country
Song
NFL
Pokémon
The Office
Your Account Isn't Verified!
In order to create a playlist on Sporcle, you need to verify the email address you used during registration. Go to your
Sporcle Settings
to finish the process.
Report this User
Report this user for behavior that violates our
Community Guidelines
.
Details:
Send Report
Go to the Sporcle.com Mobile Site →
Comments